Statistics for NFL Top 20 Players in the NFC South

Click here to take the quiz!

General Stats

  • This quiz has been taken 27 times
  • The average score is 10 of 20

Answer Stats

TeamPlayer% Correct
BuccaneersTom Brady
100%
SaintsAlvin Kamara
85%
BuccaneersMike Evans
85%
BuccaneersChris Godwin
81%
SaintsCameron Jordan
67%
PanthersChristian McCaffrey
67%
PanthersD.J. Moore
63%
SaintsMarshon Lattimore
56%
PanthersBrian Burns
52%
FalconsKyle Pitts
48%
BuccaneersDevin White
44%
BuccaneersLavonte David
44%
FalconsA.J. Terrell
41%
BuccaneersTristan Wirfs
41%
BuccaneersVita Vea
41%
BuccaneersRyan Jensen
33%
BuccaneersShaquil Barrett
33%
SaintsRyan Ramczyk
22%
FalconsYounghoe Koo
7%
PanthersJohnny Hekker
4%

Score Distribution

Percentile by Number Answered

Percent of People with Each Score

Your Score History

You have not taken this quiz